000 00885nmm a2200301 a 4500
001 ocm0002016274
003 TR-IsHL
005 20201028180747.0
008 181220s1996 tu tur
007 cr cn
020 _a9789755201290
035 _a2016274
_b(N$T)
050 0 4 _aK3150.Z9
_bD48 1996
090 0 4 _aK3150.Z9
_bD48 1996
245 1 0 _aDevlet ve hukuk üzerine yazılar
_h[electronic resource] /
_cçeviren ve derleyen Mehmet Turhan
250 _aBirinci Baskı
260 _aİstanbul :
_bGündogan Yayınları,
_c1996
300 _a168 p.
650 4 _aHukuk
650 4 _aLaw
650 0 _aKamu hukuku
650 0 _aPublic law
650 0 _aDemokrasi
650 0 _aDemocracy
650 7 _aLAW / Public
_2bisacsh
700 1 _aTurhan, Mehmet
856 4 0 _uhttp://search.ebscohost.com/login.aspx?direct=true&scope=site&db=e011xww&AN=2016274
999 _c19291
_d19291